Water Type Pokémon Trivia - Statistics

General Stats
  • This quiz has been taken 20 times
  • The average score is 12 of 20
Answer Stats
Hint Answer % Correct
Only Generation not to introduce a Water type specialist II
100%
How many forms of Tatsugiri are there? 3 - Stretchy, Droopy, Curly
80%
How many Water types evolve via trade? 5 - Poliwhirl, Slowpoke, Seadra, Feebas, Clamperl
80%
How many Water type Gigantamax forms are there? 6 - Kingler, Lapras, Drednaw, Blastoise, Inteleon, Urshifu (Rapid Strike Style)
80%
The only Water type that can be obtained by breeding a Pokémon they cannot evolve into Phione
80%
The highest Base stat on average across all Water types Attack
73%
The first dual Water type in Pokédex order Poliwrath
73%
Other than being traded while holding a Prism Scale, what other method has been used to evolve Milotic (note: only a very simple type-in is required, not a full worded answer) When levelled up with its Beautiful condition high enough
73%
The Wave Incense is required to breed for which Baby Pokémon? Mantyke
67%
Clawitzer's Ability Mega Launcher
67%
The only Elite Four Water specialist Siebold
67%
The Water type Gym Leader in Striaton City Gym Cress
60%
What held item changes Genesect's Techno Blast to Water type? Douse Drive
53%
Guess the move - Power:150 / Accuracy:100% / PP:5 (without PP ups) Water Spout
53%
The mask that gives Ogerpon the Water type Wellspring Mask
47%
A held item that boosts the Sp. Def stat if the holder is damaged by a Water-type move Luminous Moss
40%
The form Cramorant takes when it uses Surf or Dive when its HP is at 50% or below Gorging Form
33%
Water type that evolves at the lowest level Lotad (14)
27%
The only Water type that wasn't Water type when it was first introduced Wash Rotom
27%
The heaviest Water type Primal Kyogre
20%
No matching quizzes found
Score Distribution
Percent of People with Each Score
Percentile by Number Answered
Your Score History
You have not taken this quiz